000 00818nam a2200253Ia 4500
003 OSt
005 20220918204407.0
006 a|||||r|||| 00| 0
007 ta
008 220917b |||||||| |||| 00| 0 eng d
024 _a112,481
037 _cTextual
040 _aARTS
_cARTS
_beng
041 _2eng
_aeng
082 _aV5293LV:71(ND), L2
100 _aSrejovic Dragoslav
_9111888
245 0 _aEurope's first monumental sculpture
_b new discoveries at Lepenski Vir tr from the Serbocroat by Lovett F Edwards
260 _aLondon
_bThames and Hudson
_c1972
300 _a216p. maps, tables, plates
_ccm.
490 _aNew aspects of antiquity ed by Mortimer wheeler
650 _aHISTORY
942 _hV5293LV:71(ND), L2
_cTEXL
_2CC
999 _c235830
_d235830